| 000 | 00672nam a2200217 i 4500 | ||
|---|---|---|---|
| 001 | 63897 | ||
| 003 | ES-MaACL | ||
| 005 | 20240429130334.0 | ||
| 007 | t| | ||
| 008 | 031217s1953 sp cf |||| |dspa d | ||
| 080 | _a75 Figueras, Alfredo | ||
| 100 | 1 |
_aFigueras, Alfred. _9161334 |
|
| 245 | 1 | 0 |
_aFigueras / _cAndré Guide, Jean Cocteau, Raoul Dufy, Jean Cassou. |
| 260 |
_aManresa : _bRamón Torra, _c1953 ( _fImp. Sant Josep) |
||
| 300 |
_a51 p., 60 lám. : _b1 retr. ; _c25 cm. |
||
| 599 | _aRetr. de Alfred Figueras. | ||
| 600 | 1 | 4 |
_aFigueras, Alfred. _9161334 |
| 700 | 1 |
_aGide, André, _d1869-1951 _956674 |
|
| 852 |
_aES-MaACL _jC-9181 |
||
| 999 |
_c63897 _d63897 |
||